| 000 | 00504 a2200181 4500 | ||
|---|---|---|---|
| 001 | 137820 | ||
| 020 | _a9788597013245 | ||
| 040 | _cLeonardo Da Vinci | ||
| 041 | _aPortuguês | ||
| 082 |
_a344.012 O45c _bO45c |
||
| 100 | _aOLIVEIRA, Aristeu de | ||
| 245 | _aCálculos trabalhistas | ||
| 250 | _a29. ed | ||
| 260 |
_bAtlas _c2017 _aSão Paulo |
||
| 362 | _a20170000 | ||
| 697 |
_aDireito _aDireito do trabalho _aLegislação _aLeis _aRemuneração _aSalário _aTabela _aBrasil _aFIPEN _aTGRH |
||
| 942 | _cBK | ||
| 999 |
_c137820 _d137820 |
||